000 00508cam4a220018100 4500
001 tmp16037650
003 UPRA
005 20190815094400.0
008 951128s1991 sa eng u
035 _a(Sirsi) r75473
035 _a(UPRA)tmp16037650
040 _cUPRA
100 1 _aDommisse, J.
_6A35878.1
245 1 0 _aDevelopments, dilemmas and direction in the care of women.
260 _aCapetown :
_bThe University,
_c1991.
949 _a(O8)U.C.N.SER/166
_wlcc
_mMAIN
_tBOOK
_lON-SHELF
004 75473
999 _c59527
_d59526